000 00492nam a2200145 4500
008 151009b xxu||||| |||| 00| 0 eng d
020 _a038269882X
050 _aSPE PS 3554 .A9335A6 1984
100 _aDavis, Dorothy Salisbury.
_d1984
245 _aTales for a stormy night:
_cDorothy Salisbury Davis.
260 _aNew York:
_bAVON publishers,
_c1984.
300 _a255 p.
650 _aEnglish fiction.
942 _2lcc
_cSH_L_BOOKS
_hSPE PS 3554 .A9335A6 1984
_01
999 _c8017
_d8017